000 01449ngm a22003610a 4500
001 PT16575
003 AR-LpoUNG
005 20210202000218.0
007 vd cvaizq
008 191001s2001||||ag |||||||||||||||||spa d
037 _c$8.30
040 _aAR-LpoUNG
_bspa
_cAR-LpoUNG
_eaacr
041 _aspa
044 _aag
082 0 _a909 532v22
245 1 0 _aRevolución y el romanticismo :
_bedad de las Naciones-Estado
260 _aBuenos Aires :
_bKalender Video Argentina,
_c2001.
300 _aVHS (56 min.) : son., byn, col.
520 _aEn el mundo Industrial no faltarán reformadores que frente a las dificultades, crisis y reacciones que aquejan a Europa, propugnarán soluciones voluntaristas, espiritualistas y reformistas. Sus adversarios los llamarán -utópicos-. El romanticismo corre parejo a la revolución. Estre período es tambien un período de reforma : Italia, Rusia y Alemania, donde Bismark domina en Alemania el firmamento Europeo. Ingaleterra y Francia eran las principales Naciones-Estado constitucionales de Europa.
650 4 _aANALISIS HISTORICO
650 4 _aCAMBIO CULTURAL
650 4 _aCAMBIO SOCIAL
650 4 _aEUROPA OCCIDENTAL
650 4 _aHISTORIA SOCIAL
650 4 _aINTEGRACION POLITICA
650 4 _aNACION
651 4 _aEuropa
653 _aVIDEOS
653 _aVIDEOS DIDACTICOS
710 2 _aMetropolitan Museum of Art (New York)
905 _a16575
942 _cVIDEO
999 _c54357
_d54357